Business listening tasks

Αποθηκεύτηκε σε:
Λεπτομέρειες βιβλιογραφικής εγγραφής
Κύριος συγγραφέας: Hanks, Patrick
Άλλοι συγγραφείς: Corbett, Jim
Μορφή: Βιβλίο
Γλώσσα:English
Δημοσίευση: Cambridge, New York : Cambridge, 1990
Θέματα:
Ετικέτες: Προσθήκη ετικέτας
Δεν υπάρχουν, Καταχωρήστε ετικέτα πρώτοι!

MARC

LEADER 00000nam a2200000 i 4500
001 1/23605
008 960712s1990 eng d
020 |a 0521273269 
020 |a 0521253454(setof2cassettes) 
035 |l 10022116 
040 |a GR-MY-UA  |b gre  |e aacr 
041 0 |a eng 
082 0 |a 428.202465 
100 1 |a Hanks, Patrick. 
245 1 0 |a Business listening tasks /  |c Patrick Hanks, Jim Corbett 
260 |a Cambridge, New York :   |b Cambridge,   |c 1990 
300 |a 120 p.  |e 2 cassettes 
650 0 0 |a English language  |x Business English. 
650 0 0 |a Listening. 
700 1 |a Corbett, Jim. 
852 |a INST  |b CHIOS  |e 19960712  |h 428.202465 HAN  |p 005200002032  |q 005200002032  |t BK  |y 0 
852 |a INST  |b CHIOS  |e 19981110  |h 428.202465 HAN mc  |p 005200023033  |q 005200023033  |t BK  |y 0 
852 |a INST  |b CHIOS  |e 19981110  |h 428.202465 HAN mc  |p 005200023034  |q 005200023034  |t BK  |y 0 
909 |a Χ  |b 017096 
909 |a Χ  |b 016870 
909 |a Χ  |b 016871